Two centuries of American medicine, 1776-1976 / (Record no. 870)

000 -LEADER
fixed length control field 01141nam a22003497a 4500
001 - CONTROL NUMBER
control field 2216292
003 - CONTROL NUMBER IDENTIFIER
control field OSt
005 - DATE AND TIME OF LATEST TRANSACTION
control field 20210426094938.0
008 - FIXED-LENGTH DATA ELEMENTS--GENERAL INFORMATION
fixed length control field 760203s1976 paua b 001 0 eng
010 ## - LIBRARY OF CONGRESS CONTROL NUMBER
LC control number 75019841
020 ## - INTERNATIONAL STANDARD BOOK NUMBER
International Standard Book Number 0721618731
040 ## - CATALOGING SOURCE
Original cataloging agency eng
Transcribing agency DLC
Modifying agency eng
Language of cataloging eng
041 ## - LANGUAGE CODE
Language code of text/sound track or separate title eng
043 ## - GEOGRAPHIC AREA CODE
Geographic area code n-us---
050 00 - LIBRARY OF CONGRESS CALL NUMBER
Classification number R151
Item number .B58
060 ## - NATIONAL LIBRARY OF MEDICINE CALL NUMBER
Classification number WZ70 AA1 B6t
080 ## - UNIVERSAL DECIMAL CLASSIFICATION NUMBER
Universal Decimal Classification number 61 (09)
Item number B-78
082 00 - DEWEY DECIMAL CLASSIFICATION NUMBER
Classification number 610/.973
100 1# - MAIN ENTRY--PERSONAL NAME
Personal name Bordley, James,
Dates associated with a name 1900-
245 10 - TITLE STATEMENT
Title Two centuries of American medicine, 1776-1976 /
Statement of responsibility, etc. James Bordley III, A. McGehee Harvey.
Remainder of title / by: W. B. Saunders Company
260 ## - PUBLICATION, DISTRIBUTION, ETC.
Place of publication, distribution, etc. Philadelphia :
Name of publisher, distributor, etc. W. B. Saunders Company
Date of publication, distribution, etc. 1976.
300 ## - PHYSICAL DESCRIPTION
Extent xv, 855 p. :
Other physical details ill. ;
Dimensions 27 cm.
500 ## - GENERAL NOTE
General note Includes index.
504 ## - BIBLIOGRAPHY, ETC. NOTE
Bibliography, etc. note Bibliography: p. 799-826.
650 #0 - SUBJECT ADDED ENTRY--TOPICAL TERM
Topical term or geographic name entry element Medicine
Geographic subdivision United States
General subdivision History.
650 #0 - SUBJECT ADDED ENTRY--TOPICAL TERM
Topical term or geographic name entry element History of Medicine
9 (RLIN) 335
650 #2 - SUBJECT ADDED ENTRY--TOPICAL TERM
Topical term or geographic name entry element History of medicine, Modern
Geographic subdivision United States.
653 ## - INDEX TERM--UNCONTROLLED
Uncontrolled term მედიცინის ისტორია
700 1# - ADDED ENTRY--PERSONAL NAME
Personal name Harvey, A. McGehee
Fuller form of name (Abner McGehee),
Dates associated with a name 1911-
Relator term joint author.
906 ## - LOCAL DATA ELEMENT F, LDF (RLIN)
a 7
b cbc
c orignew
d 1
e ocip
f 19
g y-gencatlg
942 ## - ADDED ENTRY ELEMENTS (KOHA)
Source of classification or shelving scheme
Koha item type Books
Holdings
Withdrawn status Lost status Source of classification or shelving scheme Damaged status Not for loan Permanent location Current location Date acquired Inventory number Total Checkouts Full call number Barcode Date last seen Price effective from Koha item type
          Ken Walker International University Ken Walker International University 12/29/2020 2363   61 (09) B-78 2363 12/29/2020 12/29/2020 Books

Powered by Koha